Peliculas ganadoras del Oscar a Mejor Pelicula - Estadísticas

Estadísticas generales
  • Esta prueba ha sido intentada 579 veces
    116 desde el último reinicio
  • La puntuación promedio es 20 de 97
Estadísticas de respuestas
Año Película Ganadora % Correcto
1998 Titanic
77%
1973 The Godfather
68%
2024 Oppenheimer
62%
1995 Forrest Gump
57%
2004 The Lord of the Rings: The Return of the King
55%
2020 Parasite (기생충)
54%
2025 Anora
52%
2001 Gladiator
49%
1940 Gone with the Wind
45%
2017 Moonlight
45%
2018 The Shape of Water
43%
1975 The Godfather Part II
42%
2019 Green Book
37%
2022 CODA
35%
1977 Rocky
35%
1992 The Silence of the Lambs
35%
1944 Casablanca
34%
2005 Million Dollar Baby
32%
2021 Nomadland
32%
1994 Schindler's List
32%
2023 Everything Everywhere All at Once
29%
2000 American Beauty
28%
2015 Birdman or (The Unexpected Virtue of Ignorance)
28%
2016 Spotlight
28%
2014 12 Years a Slave
26%
1960 Ben-Hur
25%
1996 Braveheart
25%
2011 The King's Speech
25%
2013 Argo
23%
2003 Chicago
23%
1929 Wings
23%
2008 No Country for Old Men
22%
1987 Platoon
22%
1966 The Sound of Music
22%
1980 Kramer vs Kramer
20%
1999 Shakespeare in Love
20%
2012 The Artist
20%
2007 The Departed
20%
2002 A Beautiful Mind
18%
1931 All Quiet on The Western Front
18%
2006 Crash
18%
1963 Lawrence of Arabia
18%
1989 Rain Man
18%
1997 The English Patient
18%
1974 The Sting
18%
1991 Dances with Wolves
17%
1983 Gandhi
17%
1933 Grand Hotel
17%
1956 Marty
17%
1976 One Flew Over the Cuckoo's Nest
17%
2009 Slumdog Millionaire
17%
1978 Annie Hall
15%
1932 Cimarron
15%
1990 Driving Miss Daisy
15%
1941 Rebecca
15%
1993 Unforgiven
15%
1985 Amadeus
14%
1942 How Green Was My Valley
14%
1986 Out of Africa
14%
1979 The Deer Hunter
14%
2010 The Hurt Locker
14%
1988 The Last Emperor
14%
1934 Cavalcade
12%
1982 Chariots of Fire
12%
1949 Hamlet
12%
1969 Oliver!
12%
1971 Patton
12%
1961 The Apartment
12%
1958 The Bridge on the River Kwai
12%
1930 The Broadway Melody
12%
1951 All About Eve
11%
1964 Tom Jones
11%
1952 An American in Paris
9%
1957 Around the World in Eighty Days
9%
1955 On the Waterfront
9%
1981 Ordinary People
9%
1984 Terms of endearment
9%
1972 The French Connection
9%
1959 Gigi
8%
1935 It Happened One Night
8%
1965 My Fair Lady
8%
1953 The Greatest Show on Earth
8%
1938 The Life of Emile Zola
8%
1946 The Lost Weekend
8%
1962 West Side Story
8%
1950 All the King's Men
6%
1954 From Here to Eternity
6%
1945 Going My Way
6%
1968 In the Heat of the Night
6%
1970 Midnight Cowboy
6%
1967 A Man for All Seasons
5%
1948 Gentleman's Agreement
5%
1943 Mrs. Miniver
5%
1936 Mutiny on the Bounty
5%
1947 The Best Years of Our Lifes
5%
1937 The Great Ziegfeld
5%
1939 You Can't Take It With You
3%
No se encontraron pruebas coincidentes
Distribución de puntuación
Porcentaje de gente con cada puntuación
Porcentaje por número respondido
Historial de tus puntuaciones
No has intentado esta prueba desde el último reinicio